Una burbuja en el limbo (Registro nro. 2536)

Detalles MARC
000 -Cabecera
Campo de control de longitud fija 00683aam a2200277 4500
005 - Fecha y hora de la última transacción
Campo de control 20250923121432.0
008 - Elementos de longitud fija--Información general
Campo de control de longitud fija 150603b xxu||||| |||| 00| 0 spa d
020 ## - International Standard Book Number
Número Internacional Estándar del Libro (ISBN) 9977236259
041 ## - Idioma
Código de idioma Español
082 ## - Clasificación Decimal Dewey
Número de clasificación CR 863.4 D633u
100 ## - Entrada principal--Autor personal
Nombre personal Dobles, Fabián
9 (RLIN) 2351
245 ## - Título propiamente dicho
Título Una burbuja en el limbo
260 ## - Pie de imprenta
Lugar de publicación, distribución, etc. Costa Rica
260 ## - Pie de imprenta
Nombre del editor, distribuidor, etc. Editorial Costa Rica
260 ## - Pie de imprenta
Fecha de publicación, distribución, etc. 1998
300 ## - Descripción física
Extensión 200 páginas
490 ## - Serie
Título de la Serie Temática General
650 ## - Materia general
Temática (materia general) NOVELA COSTARRICENSE
650 ## - Materia general
Temática (materia general) LITERATURA COSTARRICENSE
650 ## - Materia general
Temática (materia general) LOCURA
650 ## - Materia general
Temática (materia general) LIBERTAD
650 ## - Materia general
Temática (materia general) ACEPTACIÓN SOCIAL
650 ## - Materia general
Temática (materia general) SOCIEDAD
650 ## - Materia general
Temática (materia general) DISCRIMINACIÓN
942 ## - Punto de acceso adicional KOHA
Tipo de ítem KOHA Literatura
Fuente del sistema de clasificación o colocación Dewey Decimal Classification
Existencias
Signatura completa Código de barras Programa Académico Tipo de ítem
CR 863.4 D633u 15586 Temática General Literatura